Ideario olímpico: discursos y ensayos

Guardat en:
Dades bibliogràfiques
Autor principal: Coubertin, Pierre de (Autor)
Format: Llibre
Idioma:espanyol
Publicat: Madrid Instituto Nacional de Educación Física 1973
Col·lecció:Los que en el estadio corren, 1
Matèries:
Etiquetes: Afegir etiqueta
Sense etiquetes, Sigues el primer a etiquetar aquest registre!

MARC

LEADER 00000nam a2200000 a 4500
001 UCY9488
003 CL-VaPUC
008 950717e19730000SP |||||||||||||||||spa|d
082 0 4 |a 796.48  |b COU  |2 21 
100 |a Coubertin, Pierre de  |e author  |9 459061 
245 1 0 |a Ideario olímpico: discursos y ensayos 
300 |a 243 p 
942 |c BK 
945 |d 19950717 00:00:00  |a cmena 
260 |a Madrid  |b Instituto Nacional de Educación Física  |c 1973 
650 0 |a Juegos Olímpicos  |9 341523 
650 7 |a OLIMPIADAS  |2 CL-VaPUC  |9 341681 
650 0 |a Ensayos  |9 268724 
650 0 |a Discursos   |9 265028 
583 |a last modification  |c 19950717 00:00:00  |k Rodrigo Vera 
490 0 |a Los que en el estadio corren, 1 
999 |c 236575  |d 236573 
952 |0 0  |1 0  |4 0  |6 796_480000000000000_COU_1973  |7 0  |8 P  |9 244752  |a BIBEDU  |b BIBEDU  |c BIBEDU_PB  |d 2019-11-18  |i 1531654  |o 796.48 COU 1973  |p 1531654  |r 2024-01-25  |w 2019-11-18  |y BK  |k EDU